=LDR 00000nam 2200000 4500 =001 000470 =005 20250711021739 =035 ##$$a 0010-0725000332 =007 ta =008 250711################a##########0#ind## =020 ##$$a 978-623-307-656-2 =082 ##$$a 398.209 598 802 =100 #$$a Subhdra Sen Gupta =245 1#$$a Pawai Menuju Kebebasan /$c Subhadra Sen Gupta =250 ##$$a pertama =260 ##$$a Jakarta :$b Badan Pengembangan dan Pembinaan Bahasa,$c 2022 =300 ##$$a 24 hlm. : $b ilus. ; $c 22,9cm =650 #4$$a cerita anak indonesia terjemahan =650 #4$$a literasi bahan bacaan =700 #$$a Tapas Guha =084 ##$$a 398.209 598 802 SUB p =990 ##$$a TBM202400220